Nascar Cup winners at Charlotte Motor Speedway - Statistics

General Stats
  • This quiz has been taken 65 times
    21 since last reset
  • The average score is 113 of 133
Answer Stats
Year Driver % Correct
2017 Austin Dillon
100%
1984 | 1987 Bill Elliott
100%
1971 | 1972 | 1978 | +2 others Bobby Allison
100%
1995 | 2000 Bobby Labonte
100%
1973 | 1979 | 1985 Cale Yarborough
100%
2019 | 2020 Chase Elliott
100%
2022 | 2024 Christopher Bell
100%
1980 | 1986 | 1992 | 1993 Dale Earnhardt
100%
1990 | 1991 Davey Allison
100%
2022 Denny Hamlin
100%
1994 | 1997 | 1998 | +2 others Jeff Gordon
100%
2003 | 2004 | 2005 | +3 others Jimmie Johnson
100%
2015 Joey Logano
100%
2018 Kyle Busch
100%
2021 | 2024 Kyle Larson
100%
1987 Kyle Petty
100%
1992 | 1995 | 1998 | 2002 Mark Martin
100%
2016 | 2017 | 2019 Martin Truex Jr.
100%
1975 | 1977 | 1983 Richard Petty
100%
1996 Terry Labonte
100%
1977 | 1980 Benny Parsons
91%
2013 | 2020 Brad Keselowski
91%
2015 Carl Edwards
91%
1994 | 1996 | 1997 Dale Jarrett
91%
1961 | 1974 | 1976 David Pearson
91%
1969 | 1970 | 1976 Donnie Allison
91%
1960 Joe Lee Johnson
91%
1962 | 1963 Junior Johnson
91%
2011 | 2013 | 2014 Kevin Harvick
91%
2010 Kurt Busch
91%
2000 | 2011 Matt Kenseth
91%
1988 | 1990 Rusty Wallace
91%
2007 Casey Mears
82%
1999 | 2001 | 2008 Jeff Burton
82%
2006 | 2008 | 2012 Kasey Kahne
82%
2025 Ross Chastain
82%
2018 | 2023 Ryan Blaney
82%
2001 Sterling Marlin
82%
2003 Tony Stewart
82%
2023 AJ Allmendinger
73%
2012 Clint Bowyer
73%
1978 | 1979 | 1981 | +3 others Darrel Waltrip
73%
1966 | 1969 | 1970 LeeRoy Yarbrough
73%
1982 | 1983 Neil Bonnet
73%
1982 Hary Gant
64%
2002 | 2010 Jamie McMurray
64%
1989 Ken Schrader
64%
2025 Shane van Gisbergen
64%
1967 | 1968 | 1972 | 1973 Buddy Baker
55%
1993 Erinie Irvan
55%
2009 David Reutimann
45%
1963 | 1964 | 1965 Fred Lorenzen
45%
1964 | 1967 Jim Paschal
45%
1961 Joe Wheatherly
45%
1960 Speedy Thompson
45%
1991 Geoffrey Bodine
36%
1966 Marvin Panch
36%
1968 Charlie Glotzbach
27%
1962 Nelson Stacy
27%
No matching quizzes found
Score Distribution
Percent of People with Each Score
Percentile by Number Answered
Your Score History
You have not taken this quiz since the last reset